000 00477nam a2200169Ia 4500
999 _c28290
_d28290
003 OSt
005 20201202132015.0
008 190216s9999||||xx |||||||||||||| ||und||
040 _coclc
082 _a894.8123
_bBAL/N
100 _aBalakrishnan
_96461
245 0 _aNagarathinte Mugham /
_cBalakrishnan
260 _bPoorna Publications,
_c1996.
_aKozhikode:
300 _a221p
650 _aNovel
942 _cBK
_2ddc
_h894.8123
_iBAL/N
_k894.8123
_mBAL/N